10 Least Populated U.S. States - Statistics

General Stats
  • This quiz has been taken 57 times
  • The average score is 9 of 10
Answer Stats
Population State % Correct
800k North Dakota
98%
901k South Dakota
98%
579k Wyoming
95%
646k Vermont
93%
738k Alaska
91%
1.36 mil Maine
91%
1.103 mil Montana
89%
1.38 mil New Hampshire
89%
1.106 mil Rhode Island
84%
1 mil. Delaware
68%
No matching quizzes found
Score Distribution
Percent of People with Each Score
Percentile by Number Answered
Your Score History
You have not taken this quiz